[Event "Regionalliga SO9495"]
[Site "Bayern"]
[Date "1994.??.??"]
[Round "7"]
[White "Forster, Gerd"]
[Black "Schnabel, Hans"]
[Result "1-0"]
[WhiteElo "2045"]
[BlackElo "1970"]

1.Nf3 d5 2.c4 c6 3.d4 Nf6 4.Nc3 e6 5.Qc2 Nbd7 6.e4 dxe4 7.Nxe4 Nxe4 8.Qxe4 Nf6
9.Qc2 Bb4+ 10.Bd2 Bxd2+ 11.Qxd2 Ne4 12.Qb4 c5 13.dxc5 Qc7 14.Rd1 O-O 15.Bd3 Nxc5
16.Bb1 b6 17.Qd2 Bb7 18.Qe3 e5 19.O-O f6 20.Bf5 g6 21.Bb1 Rad8 22.h4 Qf7
23.b3 e4 24.Nd4 f5 25.Nb5 f4 26.Qh3 Qf6 27.Nc7 Bc8 28.Qh2 f3 29.Nd5 Qe6 30.Nf4 Qf7
31.Rxd8 Rxd8 32.Nd5 Be6 33.Qc7 Rd7 34.Qb8+ Kg7 35.Qe5+ Kh6 36.Nf6 Rd8 37.Qg5+ Kg7
38.Nh5+  1-0

[Event "Regionalliga SW9495"]
[Site "Bayern"]
[Date "1994.??.??"]
[Round "7"]
[White "Koller, Werner"]
[Black "Wiechmann, Gernot"]
[Result "1-0"]
[WhiteElo "1980"]
[BlackElo "1945"]

1.Nf3 d5 2.c4 e6 3.g3 Nf6 4.Bg2 Be7 5.O-O O-O 6.b3 Nbd7 7.Bb2 c6 8.d3 Re8
9.Nbd2 Bd6 10.d4 Ne4 11.Nxe4 dxe4 12.Ne5 f5 13.f3 Nxe5 14.dxe5 Bc5+ 15.Kh1 exf3
16.Rxf3 Qe7 17.Rd3 Bb6 18.Qd2 Rd8 19.Rd1 Rxd3 20.Qxd3 Kf8 21.b4 Ke8 22.Ba3 Bc7
23.b5 c5 24.e4 a6 25.b6 Bxb6 26.exf5 exf5 27.Rb1 Ba7 28.Qd5 Be6 29.Qxb7 Rc8
30.Qxe7+  1-0

[Event "JUG-chT Cup"]
[Site "Becici"]
[Date "1994.??.??"]
[Round "?"]
[White "Damljanovic, Branko"]
[Black "Ivanovic, Bozidar"]
[Result "0-1"]
[WhiteElo "2560"]
[BlackElo "2480"]

1.Nf3 d5 2.c4 c6 3.d4 Nf6 4.e3 e6 5.Bd3 Nbd7 6.O-O Bd6 7.Nc3 O-O 8.e4 dxc4
9.Bxc4 e5 10.Bg5 Qe7 11.d5 h6 12.dxc6 bxc6 13.Bd2 Nb6 14.Bd3 Rd8 15.Qe2 Nfd7
16.Ba6 Bxa6 17.Qxa6 Nc5 18.Qe2 Ne6 19.Be3 Nd4 20.Nxd4 exd4 21.Bxd4 Bxh2+
22.Kxh2 Rxd4 23.Rad1 Rad8 24.Rxd4 Rxd4 25.g3 Na4 26.Re1 Nxc3 27.bxc3 Ra4
28.Qc2 Ra5 29.Kg2 Qe6 30.Re2 Rh5 31.Re1 Ra5 32.Re2 Qc4 33.Qb2 Rb5 34.Qd2 a5
35.Re3 Rb1 36.Qd3 Qxa2 37.Re2 Qa1 38.Qd8+ Kh7 39.Qd7 Rg1+ 40.Kh2 Rh1+ 41.Kg2 Rh5
42.Kf3 Qxc3+ 43.Re3 Qf6+ 44.Kg2 Qa1 45.Kf3 Qa2 46.Qxc6 a4 47.Qd7 Qc4 48.e5 Qc2
49.Re2 Qb1 50.Qxa4 Qh1+ 51.Kf4 Rh4+ 52.g4 Qh2+ 53.Kf5 Rh5+ 54.Ke4 Qxe5+ 55.Kd3 Qd6+
56.Kc2 Rc5+ 57.Kb2  0-1

[Event "Belgrade Trako"]
[Site "Belgrade"]
[Date "1994.??.??"]
[Round "1"]
[White "Arsovic, Zoran"]
[Black "Stamenkovic, Zoran"]
[Result "0-1"]
[WhiteElo "2325"]
[BlackElo "2405"]

1.Nf3 d5 2.c4 d4 3.a3 g6 4.e3 c5 5.exd4 cxd4 6.d3 a5 7.g3 Bg7 8.Bg2 Nc6 9.O-O Nf6
10.Nbd2 O-O 11.Re1 Nd7 12.Rb1 Nc5 13.Ne4 Na6 14.Nh4 Bd7 15.Bd2 Rb8 16.b4 axb4
17.axb4 b5 18.cxb5 Rxb5 19.Qa4 Ncb8 20.Qa3 Bc6 21.Nc5 Nc7 22.Bf4 Nd5 23.Bxb8 Rxb8
24.Qa5 e6 25.Na6 Rb5 26.Qxd8 Rxd8 27.Nc7 Rb6 28.Nxd5 Bxd5 29.Bxd5 Rxd5 30.Rec1 Rdb5
31.Rc4 e5 32.Ra1 Bf8 33.Ra8 Kg7 34.Nf3 Bxb4 35.Ra7 Bd6 36.Rd7 Kf6 37.h4 h6
38.Rc8 Ke6 39.Ra7 Rb8 40.Rc6 R5b6 41.Rxb6 Rxb6 42.Nd2 Rc6 43.Rb7 Be7 44.Kf1 Rc2
45.Ke1 Bd8 46.Ra7 Be7 47.Rb7 f5 48.Kd1 Rc6 49.Ke2 g5 50.hxg5 Bxg5 51.Nf3 Bf6
52.Nd2 Bg5 53.Nf3 Ra6 54.Rb5 Bf6 55.Nd2 Ra2 56.Rb6+ Ke7 57.Rb7+ Kf8 58.Ke1 e4
59.dxe4 d3 60.Kd1 Bc3 61.Nb1 Ba5 62.Rb5 fxe4 63.Re5  0-1

[Event "Belgrade Trako"]
[Site "Belgrade"]
[Date "1994.??.??"]
[Round "13"]
[White "Arsovic, Goran"]
[Black "Simic, Radoslav"]
[Result "1/2-1/2"]
[WhiteElo "2375"]
[BlackElo "2495"]

1.Nf3 d5 2.c4 d4 3.a3 a5 4.e3 c5 5.d3 Nc6 6.exd4 cxd4 7.g3 g6 8.Bg2 Bg7 9.O-O Nf6
10.Nbd2 O-O 11.Re1 Nd7 12.Rb1 Nc5 13.Nb3 Na6 14.Bd2 Bf5 15.Qe2 Re8 16.Ng5 h6
17.Ne4 Qb6 18.Nc1 Bd7 19.g4 a4 20.b4 axb3 21.Nxb3 Qc7 22.Rb2 Ra7 23.Reb1 Nab8
24.a4 Nd8 25.a5 Ne6 26.Qf3 Bc6 27.Qg3 Be5 28.Qh3 Bf4 29.Bxf4 Qxf4 30.Qg3 Qxg3
31.hxg3 Nd7 32.f4 Bxe4 33.Bxe4 Rd8 34.Bd5 Nec5 35.Nxd4 Nxd3 36.Rxb7 Rxb7
37.Rxb7 Nb8 38.Nc6 Nxc6 39.Bxc6 Nc5 40.Rb5 Rd1+ 41.Kf2 Ne6 42.Rd5 Ra1 43.Bb7 Kg7
44.Bc8 Nc7 45.Rd7 Ne8 46.a6 Nd6 47.Bb7 Nxc4 48.Rxe7 Kf6 49.Rc7 Nd6 50.Rc6 Ke7
51.Rc2 Kd7 52.Rb2 Kc7 53.Rb3 Ra4 54.Rc3+ Kd8 55.Kf3 Ke7 56.Ke3 f5 57.gxf5 Nxf5+
58.Kf3 h5 59.Rd3 Nd6 60.Re3+ Kf6 61.Rb3 Ke7 62.g4 hxg4+ 63.Kxg4 Nf7 64.Bd5 Nd6
65.Rb6 Ra1 66.Kg5 Ra5 67.Kxg6 Rxd5 68.Rb2 Ra5 69.Re2+ Kd7 70.a7 Rxa7 71.Kg5 Ra4
72.Kg4 Ne4 73.Kf3 Nf6 74.f5 Nd5 75.Re5 Kd6 76.Re6+ Kc5 77.Re5 Ra1 78.Re2 Rb1
79.Rd2 Rb4 80.Kg3 Nf6 81.Rd8 Nh5+ 82.Kf3 Rf4+ 83.Ke3 Rxf5 84.Rc8+ Kd6 85.Rd8+ Ke7
86.Ra8 Nf6 87.Ra6 Rb5 88.Kd4 Rd5+ 89.Ke3 Rb5 90.Kf4 Ne8 91.Ra1 Nd6 92.Rh1 Rf5+
93.Ke3 Ke6 94.Ra1 Rd5 95.Ra7 Kf5 96.Rc7 Ne8 97.Rc1 Nf6 98.Rf1+ Ke5 99.Rg1 Ne4
100.Rg7 Nd6 101.Re7+ Kf6 102.Rc7 Nf5+ 103.Ke4 Rd4+ 104.Kf3 Ne7 105.Ke3 Rh4
106.Kd3 Ke6 107.Ra7 Nc6 108.Rb7 Nb4+ 109.Ke2 Nd5 110.Kd3 Ke5 111.Rg7 Rd4+
112.Kc2 Rc4+ 113.Kd3 Rc3+ 114.Kd2 Ra3 115.Rh7 Ne3 116.Rh4 Nf5 117.Rh8 Nd6
118.Ke2 Nc4 119.Re8+ Kd5 120.Rh8 Rb3 121.Rh7 Ne5 122.Rh4 Nf3 123.Rg4 Nd4+
124.Kd2 Kc4 125.Rg8 Rd3+ 126.Ke1 Re3+ 127.Kf2 Rf3+ 128.Kg2 Rf7 129.Rg3 Nc2
130.Rg8 Ne3+ 131.Kg3 Nf5+ 132.Kg2 Kd3  1/2-1/2

[Event "Berliner Sommer"]
[Site "Berlin"]
[Date "1994.??.??"]
[Round "?"]
[White "Sokolov, Andrei"]
[Black "Raetsky, Alexander"]
[Result "1-0"]
[WhiteElo "2580"]
[BlackElo "2450"]

1.Nf3 d5 2.c4 d4 3.e3 Nc6 4.exd4 Nxd4 5.Nxd4 Qxd4 6.Nc3 e5 7.d3 Ne7 8.Be2 Bf5
9.O-O Nc6 10.Nd5 O-O-O 11.Be3 Qxb2 12.Rb1 Qa3 13.Rb3 Qa6 14.Qa1 f6 15.Rfb1 b6
16.Bf3 Nd4 17.Bxd4 exd4 18.Qxd4 Bd6 19.c5 bxc5 20.Bg4  1-0

[Event "Biel op"]
[Site "Biel"]
[Date "1994.??.??"]
[Round "11"]
[White "Hauke, Christian"]
[Black "Kluss, Kai"]
[Result "1/2-1/2"]
[WhiteElo "2275"]
[BlackElo "2195"]

1.Nf3 d5 2.c4 d4 3.Qc2 Bg4 4.Ne5 h5 5.Qe4 Nd7 6.Nxg4 hxg4 7.Qxb7 g3 8.fxg3 e6
9.e3 Bd6 10.Kf2 Bxg3+ 11.Kxg3 Qh4+ 12.Kf3 Ne5+ 13.Ke2 d3+ 14.Kd1 Qg4+ 15.Ke1 Rxh2
16.Qxa8+ Kd7 17.Rxh2 Qg3+ 18.Kd1 Qg4+ 19.Ke1 Qg3+  1/2-1/2

[Event "GER-ch"]
[Site "Binz"]
[Date "1994.??.??"]
[Round "2"]
[White "Lagunow, Alexander"]
[Black "Hermann, Manfred"]
[Result "1/2-1/2"]
[WhiteElo "2405"]
[BlackElo "2405"]

1.Nf3 d5 2.c4 c6 3.g3 Nf6 4.Bg2 Bf5 5.cxd5 cxd5 6.Qb3 Qc8 7.Nc3 e6 8.d3 Nc6
9.O-O Be7 10.Bf4 O-O 11.Rac1 a6 12.Ne5 Nh5 13.e4 Nxf4 14.gxf4 dxe4 15.dxe4 Bg6
16.Na4 Qc7 17.Qb6 Rac8 18.Rfd1 Rfd8 19.Qxc7 Rxd1+ 20.Rxd1 Rxc7 21.Rc1 f6
22.Nxg6 hxg6 23.e5 Kf7 24.b3 f5 25.Nb6 g5 26.fxg5 Bxg5 27.Rc4 Bd8 28.Na4  1/2-1/2

[Event "DLM"]
[Site "Binz"]
[Date "1994.??.??"]
[Round "4"]
[White "Hausrath, Daniel"]
[Black "Schlindwein, Rolf"]
[Result "0-1"]
[WhiteElo "2320"]
[BlackElo "2385"]

1.Nf3 d5 2.c4 c6 3.cxd5 cxd5 4.d4 Nf6 5.Nc3 Nc6 6.Bf4 a6 7.Ne5 Qb6 8.Nxc6 bxc6
9.a3 Qxb2 10.Na4 Qb5 11.Rb1 Qa5+ 12.Bd2 Qc7 13.Nb6 Rb8 14.Nxc8 Rxb1 15.Qxb1 Qxc8
16.e3 e6 17.Bd3 Bxa3 18.Bb4 Bxb4+ 19.Qxb4 Kd7 20.O-O Qc7 21.Rb1 Ra8 22.f3 a5
23.Qc5 Rb8 24.Rxb8 Qxb8 25.Qxa5 Ne8 26.Qc3 Qb6 27.Kf2 h6 28.g4 Nd6 29.Qa3 Qb8
30.Kg2 Nc4 31.Bxc4 dxc4 32.f4 g6 33.Kf2 g5 34.Qc5 gxf4 35.Qxc4 fxe3+ 36.Kxe3 Qxh2
37.Kf3 h5 38.gxh5 Qxh5+ 39.Kf4 Qf5+ 40.Ke3 Qg5+ 41.Ke2 Qb5  0-1

[Event "GER-ch"]
[Site "Binz"]
[Date "1994.??.??"]
[Round "7"]
[White "Oswald, Hans Joachim"]
[Black "Lau, Ralf"]
[Result "0-1"]
[WhiteElo "2335"]
[BlackElo "2515"]

1.Nf3 d5 2.c4 c6 3.d4 e6 4.cxd5 exd5 5.Nc3 Bd6 6.Bg5 Ne7 7.e3 Bf5 8.Bd3 Bxd3
9.Qxd3 O-O 10.O-O Na6 11.Rae1 f6 12.Bh4 Ng6 13.e4 Nb4 14.Qb1 Qd7 15.Bg3 Bxg3
16.hxg3 Rae8 17.a3 dxe4 18.Nxe4 Nd5 19.Qa2 b6 20.Nc3 Rxe1 21.Rxe1 Rd8 22.Nxd5 Qxd5
23.Qxd5+ Rxd5 24.Re8+ Kf7 25.Re2 h5 26.Kf1 Ne7 27.Re4 Nf5 28.Ke2 g5 29.Kd3 Nd6
30.Re1 c5 31.Kc2 g4 32.Nd2 Rxd4 33.b3 b5 34.Kc3 a5 35.Rb1 b4+ 36.Kc2 Nb5
37.Rc1 Nxa3+ 38.Kd1 c4 39.Ke2 c3  0-1

[Event "Bled op"]
[Site "Bled"]
[Date "1994.??.??"]
[Round "?"]
[White "Dizdarevic, Emir"]
[Black "Zorman, Vojko"]
[Result "1-0"]
[WhiteElo "2515"]
[BlackElo "2325"]

1.Nf3 d5 2.c4 c6 3.d4 Nf6 4.Qc2 e6 5.g3 Bd6 6.Nbd2 Nbd7 7.Bg2 O-O 8.O-O c5
9.Rd1 Qb6 10.Nb3 cxd4 11.Nfxd4 Nc5 12.Nb5 Nxb3 13.axb3 Bc5 14.e3 Bd7 15.Nc3 dxc4
16.bxc4 Rfd8 17.Bd2 Be7 18.Ne2 Bb4 19.Bxb4 Qxb4 20.Qc3 Qb6 21.c5 Qc7 22.Qa5 b6
23.cxb6 axb6 24.Qxa8 Rxa8 25.Rxa8+ Be8 26.Rdd8 Kf8 27.Rac8 Qa7 28.Bc6 Ke7
29.Rxe8+ Nxe8 30.Rxe8+ Kd6 31.Ra8 Qe7 32.Nd4 g6 33.Bg2 e5 34.Nc6 Qg5 35.Rd8+ Kc7
36.Rd2 b5 37.Nb4 Qg4 38.Nd5+ Kb8 39.Bf1 Qa4 40.Nc3 Qb4 41.Bxb5 f5 42.Bc6 Qa5
43.Rd7 Qc5 44.Bd5 f4 45.exf4 exf4 46.Rxh7 Qd4 47.Rf7 g5 48.Rf8+  1-0

[Event "Bled op"]
[Site "Bled"]
[Date "1994.??.??"]
[Round "?"]
[White "Dizdarevic, Emir"]
[Black "Zelcic, Robert"]
[Result "0-1"]
[WhiteElo "2515"]
[BlackElo "2460"]

1.Nf3 d5 2.c4 d4 3.b4 g6 4.d3 Bg7 5.Nbd2 e5 6.Nb3 Ne7 7.g3 O-O 8.Bg2 Nd7
9.O-O Rb8 10.a4 b6 11.b5 Bb7 12.Ra2 Re8 13.Ba3 c5 14.bxc6 Bxc6 15.Nfd2 Bxg2
16.Kxg2 f5 17.a5 Qc7 18.axb6 axb6 19.Qc2 Nc6 20.Rb1 Kh8 21.Nc1 Ra8 22.Rba1 Nf6
23.Bf8 Bxf8 24.Rxa8 Qb7 25.Rxe8 Nb4+ 26.Kg1 Nxc2 27.Rxf8+ Kg7 28.Raa8 e4
29.Rfb8 Qe7 30.dxe4 fxe4 31.Nf1 Qe6 32.Ra7+ Kh6 33.Rf8 Ne1 34.f4 e3 35.g4 Qxg4+
36.Ng3  0-1

[Event "Bled op"]
[Site "Bled"]
[Date "1994.??.??"]
[Round "?"]
[White "Bukic, Enver"]
[Black "Kennaugh, Charles"]
[Result "1/2-1/2"]
[WhiteElo "2445"]
[BlackElo "2295"]

1.Nf3 d5 2.c4 d4 3.e3 Nc6 4.exd4 Nxd4 5.Nxd4 Qxd4 6.Nc3 e5 7.d3 Ne7 8.Be2 Be6
9.Qb3 Qb6 10.Qxb6 axb6 11.f4 O-O-O 12.fxe5 Ng6 13.Bg5 Rd7 14.O-O-O h6 15.Be3 Nxe5
16.Rhe1 g5 17.Bg1 Ng6 18.g3 Bb4 19.Kc2 Re8 20.Bg4 Rde7 21.Rxe6 Rxe6 22.Nd5 Bd6
23.Rf1 Ne5 24.Bxe6+ fxe6 25.Nc3 Rf8 26.Rxf8+ Bxf8 27.h3 Nf3 28.Bf2 Bg7 29.Ne4 Kd7
30.b3 Bd4 31.Bxd4 Nxd4+ 32.Kd2 e5 33.g4 Ke7 34.Ke3 Nc2+ 35.Kd2 Nd4 36.Ke3 Nc2+
37.Ke2 Kf7 38.Ng3 Kf6 39.Kd2 Nd4 40.Ke3 Ne6 41.Ne4+ Ke7 42.Ng3 Kf6 43.Nh5+ Kg6
44.Ke4 Nf4 45.Nxf4+ exf4 46.d4 Kf6 47.a4 Ke7 48.b4  1/2-1/2

[Event "Bled op"]
[Site "Bled"]
[Date "1994.??.??"]
[Round "?"]
[White "Pronold, Helmut"]
[Black "Lazarev, Vladimir"]
[Result "0-1"]
[WhiteElo "2215"]
[BlackElo "2445"]

1.Nf3 d5 2.c4 d4 3.b4 f6 4.d3 e5 5.Qb3 a5 6.b5 Nd7 7.g3 b6 8.Bg2 Bb7 9.O-O Bd6
10.Ba3 Ne7 11.Nbd2 a4 12.Qb2 Bxa3 13.Qxa3 Nc5 14.Ne1 Bxg2 15.Kxg2 f5 16.Rd1 O-O
17.e3 Ng6 18.Ndf3 dxe3 19.fxe3 e4 20.Nd4 Qg5 21.Qc1 Ne5 22.h4 Qg6 23.Nc6 Nxc6
24.bxc6 exd3 25.Nxd3 Nxd3  0-1

[Event "Bucharest-A"]
[Site "Bucharest"]
[Date "1994.??.??"]
[Round "?"]
[White "Panchenko, Alexander N"]
[Black "Schwartzman, Gabriel"]
[Result "1/2-1/2"]
[WhiteElo "2480"]
[BlackElo "2500"]

1.Nf3 d5 2.c4 c6 3.e3 Nf6 4.Nc3 g6 5.d4 Bg7 6.Be2 O-O 7.O-O dxc4 8.Bxc4 Bg4
9.h3 Bxf3 10.Qxf3 Nbd7 11.Bd2 e5 12.Rad1 Qe7 13.Bb3 Rad8 14.a3 c5 15.Rfe1 Qd6
16.Na4 Qa6  1/2-1/2

[Event "Bucharest-A (Women)"]
[Site "Bucharest"]
[Date "1994.??.??"]
[Round "?"]
[White "Shumiakina, Tatiana"]
[Black "Baciu Ionescu, Otilia"]
[Result "1-0"]
[WhiteElo "2315"]
[BlackElo "2190"]

1.Nf3 d5 2.c4 e6 3.g3 Nf6 4.Bg2 Be7 5.O-O O-O 6.b3 c5 7.e3 Nc6 8.Bb2 d4 9.exd4 cxd4
10.Re1 Ne8 11.d3 f6 12.Na3 e5 13.Nc2 Nc7 14.a3 a5 15.Qd2 Na6 16.b4 axb4 17.axb4 Ncxb4
18.Nfxd4 Nxc2 19.Nxc2 Rb8 20.Ne3 b5 21.Nd5 Nc5 22.Nxe7+ Qxe7 23.Ba3 Qc7 24.Qb4 Ne6
25.Bd5 Kh8 26.Qe7 Qxe7 27.Bxe7 Re8 28.Bd6 Rb6 29.c5 Bb7 30.Bxe6 Rxe6 31.Ra7  1-0

[Event "Budapest FS04 IM-B"]
[Site "Budapest"]
[Date "1994.??.??"]
[Round "1"]
[White "Horvath, Imre"]
[Black "Peredy, Ferenc"]
[Result "1-0"]
[WhiteElo "2390"]
[BlackElo "2190"]

1.Nf3 d5 2.c4 e6 3.g3 c6 4.Bg2 f5 5.O-O Nf6 6.cxd5 exd5 7.Qc2 Be7 8.Nh4 Ne4
9.d3 Nd6 10.Nf3 O-O 11.Bf4 Na6 12.a3 Nc7 13.Nbd2 Ne6 14.e3 Bf6 15.Be5 Bxe5
16.Nxe5 d4 17.Nb3 Qf6 18.Nf3 dxe3 19.fxe3 Bd7 20.d4 Rad8 21.Ne5 Qe7 22.Na5 Kh8
23.Rae1 Ng5 24.Qc5 b6 25.Naxc6 bxc5 26.Nxe7 cxd4 27.N7c6 Bxc6 28.Nxc6 d3
29.Nxd8 Rxd8 30.Rd1 Nc4 31.Rxf5 g6 32.Rd5  1-0

[Event "Budapest FS10 IM-A"]
[Site "Budapest"]
[Date "1994.??.??"]
[Round "1"]
[White "Schnelzer, Reinhard"]
[Black "Izsak, Gyula"]
[Result "1/2-1/2"]
[WhiteElo "2285"]
[BlackElo "2400"]

1.Nf3 d5 2.c4 e6 3.g3 Nf6 4.Bg2 c6 5.O-O Nbd7 6.d4 dxc4 7.Qc2 Bd6 8.Bf4 Bxf4
9.gxf4 Nd5 10.e3 b5 11.b3 cxb3 12.axb3 Bb7 13.Nc3 O-O 14.Ne4 f6 15.Rfc1 Qe7
16.Qd2 Rfd8 17.Nc5 Nxc5 18.Rxc5 a5 19.Rxa5 Rxa5 20.Qxa5 Ra8 21.Qe1 Qe8 22.Nd2 Nb4
23.Qd1 Ra2 24.Ne4 Qg6 25.Nd6 Ba8 26.f5 exf5 27.Nxf5 Kh8 28.Ng3 Na6 29.Be4 Qf7
30.Rc1 g6 31.Bxc6 Bxc6 32.Rxc6 Nb4 33.Rc8+ Kg7 34.Qf3 Ra1+ 35.Nf1 Nd5 36.Rb8 Qd7
37.Kg2 Qc7 38.Rxb5 Ne7 39.Rb7 Qd6 40.Qe4 Kf7 41.Nd2 f5 42.Nc4 Qxh2+ 43.Kxh2 fxe4
44.Nd6+ Ke6 45.Nxe4 h6 46.Nc5+ Kf6 47.e4 Rd1 48.d5 g5 49.Nd7+ Kf7 50.Ne5+ Kf8
51.Rb8+ Kg7 52.Nc4 Ng6 53.d6 Nf4 54.Ra8 h5 55.Ra2 Kf6 56.Rd2 Rxd2 57.Nxd2 Ke6
58.Nc4 Nd3 59.f3 h4 60.Kh3 Nf2+ 61.Kg2 Nd3 62.Kh2 Ne1 63.f4 gxf4 64.Kh3 f3
65.Kxh4 f2 66.Ne3 Ng2+ 67.Kg3 Nxe3 68.Kxf2  1/2-1/2

[Event "Budapest FS11 IM-A"]
[Site "Budapest"]
[Date "1994.??.??"]
[Round "2"]
[White "Habibi, Ali"]
[Black "Shurygin, Sergey"]
[Result "0-1"]
[WhiteElo "2165"]
[BlackElo "2320"]

1.Nf3 d5 2.c4 c6 3.b3 Bg4 4.e3 e6 5.Bb2 Nd7 6.Be2 Ngf6 7.O-O Bd6 8.d3 O-O
9.Nbd2 Qe7 10.a3 e5 11.h3 Bh5 12.e4 Bxf3 13.Bxf3 d4 14.b4 b6 15.Be2 a5 16.b5 c5
17.g3 Ne8 18.Bg4 g6 19.f4 f5 20.exf5 exf4 21.Re1 Qg7 22.fxg6 Ne5 23.gxh7+ Kh8
24.Ne4 f3 25.Kf2 Qh6 26.Bxf3 Nxf3 27.Kg2 Nxe1+ 28.Qxe1 Ng7 29.Bc1 Qg6 30.g4 Rae8
31.Ra2 Nh5 32.Re2 Nf4+ 33.Bxf4 Bxf4  0-1

[Event "Budapest FS09 GM"]
[Site "Budapest"]
[Date "1994.??.??"]
[Round "3"]
[White "Vadasz, Laszlo"]
[Black "Dao Thien Hai"]
[Result "1/2-1/2"]
[WhiteElo "2365"]
[BlackElo "2475"]

1.Nf3 d5 2.c4 dxc4 3.Qa4+ Nd7 4.Qxc4 Ngf6 5.g3 c6 6.Bg2 e5 7.O-O Bd6 8.d3 O-O
9.Nbd2 Qe7 10.b3 a5 11.a3 Re8 12.Bb2 Nb6 13.Qc2 Bg4 14.Rfe1 h6 15.Nc4 Nxc4
16.bxc4 e4 17.Bxf6 Qxf6 18.dxe4 Qe7 19.Reb1 Bxa3 20.Ne1 b5 21.cxb5 cxb5 22.Rxb5 Rac8
23.Qd1 Bb4 24.Nd3 Red8 25.e5 Qe6 26.h3 Bf5 27.Rc1 Qa6 28.Rd5  1/2-1/2

[Event "Budapest FS10 GM"]
[Site "Budapest"]
[Date "1994.??.??"]
[Round "4"]
[White "Andrienko, Anatoly"]
[Black "Shvartz, Miroslav"]
[Result "1/2-1/2"]
[WhiteElo "2315"]
[BlackElo "2395"]

1.Nf3 d5 2.c4 c6 3.d4 Nf6 4.cxd5 cxd5 5.Nc3 Nc6 6.Bf4 Bf5 7.e3 e6 8.Bb5 Nd7
9.Qa4 Qb6 10.Nh4 Be4 11.O-O Be7 12.Nxe4 dxe4 13.d5 Nc5 14.dxc6 O-O 15.Qc4 bxc6
16.Ba4 Nxa4 17.Qxa4 Bxh4 18.Qxe4 Bf6 19.Be5 Bxe5 20.Qxe5 Qb5 21.Qc3 Rfb8
22.b3 a5  1/2-1/2

[Event "Budapest FS07 GM"]
[Site "Budapest"]
[Date "1994.??.??"]
[Round "5"]
[White "Szekely, Peter"]
[Black "Dao Thien Hai"]
[Result "1/2-1/2"]
[WhiteElo "2490"]
[BlackElo "2475"]

1.Nf3 d5 2.c4 c6 3.cxd5 cxd5 4.d4 Nf6 5.Nc3 e6 6.Bf4 Bd6 7.Bg3 Nc6 8.e3 O-O
9.Bd3 a6 10.Rc1 Qe7  1/2-1/2

[Event "Budapest FS04 IM-B"]
[Site "Budapest"]
[Date "1994.??.??"]
[Round "5"]
[White "Vadasz, Laszlo"]
[Black "Trabert, Bettina"]
[Result "1-0"]
[WhiteElo "2365"]
[BlackElo "2245"]

1.Nf3 d5 2.c4 c6 3.g3 Nf6 4.Bg2 Bg4 5.cxd5 Bxf3 6.Bxf3 cxd5 7.Nc3 e6 8.d3 Nc6
9.O-O Be7 10.e4 dxe4 11.dxe4 O-O 12.Be3 Nd7 13.Qb3 Nc5 14.Qc2 Nd4 15.Bxd4 Qxd4
16.Rad1 Qf6 17.Qe2 Qe5 18.Bg2 Rad8 19.f4 Qc7 20.e5 Rxd1 21.Rxd1 Rd8 22.Bf3 Rxd1+
23.Nxd1 b6 24.Qd2 Qd7 25.Qxd7 Nxd7 26.h4 Kf8 27.Kf2 Bc5+ 28.Ke2 Ke7 29.h5 h6
30.Bc6 Nb8 31.Bb5 a6 32.Bd3 b5 33.Be4 Kd7 34.Kd3 Nc6 35.Bxc6+ Kxc6 36.Ke4 a5
37.b3 Bb6 38.Nb2 Bc5 39.Nd3 Be7 40.g4 Kd7 41.a4 bxa4 42.bxa4 Kc6 43.f5 Bg5
44.Kd4 Be7 45.Nb2 Bc5+ 46.Kc4 Be7 47.Nd3 Bd8 48.Nf4 Bc7 49.Nd3 Bd8 50.Kd4 Bb6+
51.Ke4 Bd8 52.Nf4 Kd7 53.Ne2 Bb6 54.Nd4 Bd8 55.Nb3 Kc6 56.Kd4 Bb6+ 57.Kc4 Bc7
58.Nd4+ Kd7 59.Nf3 f6 60.exf6 gxf6 61.Nh4 exf5 62.Nxf5 Bf4 63.Kd5 Bg5 64.Nd4 Bd2
65.Ke4 Ke7 66.Kd3 Bf4 67.Nc6+ Ke6 68.Ke4 Bd2 69.Nd4+ Kd6 70.Kf5 Ke7 71.Kg6 Bg5
72.Nf5+ Ke6 73.Nxh6 Bxh6 74.Kxh6 Kf7 75.Kh7  1-0

[Event "Budapest FS07 IM"]
[Site "Budapest"]
[Date "1994.??.??"]
[Round "5"]
[White "Kern, Guido"]
[Black "Orso, Miklos"]
[Result "0-1"]
[WhiteElo "2310"]
[BlackElo "2345"]

1.Nf3 d5 2.c4 c6 3.cxd5 cxd5 4.d4 Nc6 5.Nc3 Nf6 6.Bf4 Nh5 7.Be5 e6 8.e3 Qb6
9.a3 Bd7 10.Bb5 a6 11.Bxc6 Bxc6 12.b4 Be7 13.h3 Nf6 14.O-O O-O 15.Qc2 Rfc8
16.Rfc1 Qd8 17.Qb3 Nd7 18.Bf4 Nb6 19.a4 Be8 20.Ne5 Nc4 21.Nd3 b6 22.Nd1 a5
23.b5 f6 24.N1b2 Nd2 25.Qd1 Ne4 26.Qb3 Qd7 27.f3 Nd6 28.Bg3 g5 29.Bf2 Kg7
30.Qd1 Bg6 31.Bg3 h6 32.e4 dxe4 33.Nc5 bxc5 34.dxc5 e5 35.Bf2 exf3 36.Nc4 fxg2
37.Kxg2 Be4+ 38.Kh2 Qf5 39.Ra2 Nxc4 40.Rxc4 Rd8  0-1

[Event "Budapest FS02 GM"]
[Site "Budapest"]
[Date "1994.??.??"]
[Round "5"]
[White "Fancsy, Imre"]
[Black "Gabriel, Christian"]
[Result "1/2-1/2"]
[WhiteElo "2400"]
[BlackElo "2530"]

1.Nf3 d5 2.c4 d4 3.b4 g6 4.Bb2 Bg7 5.e3 e5 6.exd4 exd4 7.d3 Ne7 8.Be2 O-O
9.Nbd2 Na6 10.a3 c5 11.b5 Nc7 12.O-O Ne6 13.g3 Qc7 14.a4 Bd7 15.Re1 g5 16.Bf1 h6
17.h3 Ng6 18.Bg2 f5 19.Nh2 Rae8 20.Bd5 f4 21.g4 f3 22.Bc1 Kh8 23.Bxe6 Nf4
24.Ndxf3 Nxe6 25.Bd2 Rf7 26.Re4 Ref8 27.Qe2 Qd6 28.Rf1 Bc8 29.Ne5 Rf6 30.Re1 b6
31.Nf1 Nd8 32.Ng3 Bb7 33.Nf5 Qc7 34.Nc6 Nxc6 35.bxc6 Qxc6 36.f3 Bc8 37.Nxg7 Kxg7
38.Re7+ R8f7 39.Qe5 Rxe7 40.Qxe7+ Rf7 41.Qe5+ Kh7 42.Rf1 Bb7 43.Qe4+ Kg8
44.Qxc6 Bxc6 45.f4 Bxa4 46.fxg5 Bc2 47.Rxf7 Kxf7 48.Bf4 Bxd3 49.gxh6 Bxc4
50.Kf2 Bd3 51.Bb8 c4 52.Bxa7 c3 53.Ke1 Be4 54.Bxb6 d3 55.Be3 Kg6 56.g5 Kh5
57.Kd1 Kh4 58.Bf4 Kxh3 59.Ke1 Kg4 60.Bc1 Kf3 61.g6 Bxg6 62.Bg5 Ke4 63.h7 Bxh7
64.Bf6 d2+ 65.Ke2  1/2-1/2

[Event "Budapest Spring op"]
[Site "Budapest"]
[Date "1994.??.??"]
[Round "6"]
[White "Horvath, Jozsef"]
[Black "Lugovoi, Aleksei"]
[Result "1/2-1/2"]
[WhiteElo "2515"]
[BlackElo "2425"]

1.Nf3 d5 2.c4 dxc4 3.e3 e6 4.Bxc4 Nf6 5.d4 c5 6.O-O a6 7.a4 Nc6 8.Qe2 Qc7
9.Nc3 Bd6 10.Rd1 O-O 11.h3 b6 12.d5 exd5 13.Bxd5 Bb7 14.e4 Rae8 15.Bg5 Be5
16.Nxe5 Nxd5 17.exd5 Nd4 18.Qe4 f5 19.Qe3 Qxe5 20.Qxe5 Rxe5 21.Bf4 Ree8 22.a5 b5
23.Bd6 Rf7 24.Re1 Rc8 25.Rad1 Nc2 26.Re6 Rd7 27.Be5 Nb4 28.Rb6 Rcd8 29.d6 Nc6
30.Rd5 Nxa5 31.Rxc5 Nc4 32.Rxc4 bxc4 33.Na4 Rc8 34.Rb4 Rc6  1/2-1/2

[Event "Budapest FS11 IM-A"]
[Site "Budapest"]
[Date "1994.??.??"]
[Round "7"]
[White "Habibi, Ali"]
[Black "Vujosevic, Vladimir"]
[Result "0-1"]
[WhiteElo "2165"]
[BlackElo "2360"]

1.Nf3 d5 2.c4 e6 3.e3 Nf6 4.b3 c5 5.Bb2 Nc6 6.d3 d4 7.exd4 cxd4 8.g3 e5 9.Bg2 Bd6
10.O-O O-O 11.a3 a5 12.Ne1 Nd7 13.Nd2 f5 14.Rc1 Kh8 15.Bd5 Nc5 16.Rb1 Bd7
17.Bg2 Qf6 18.Qe2 Rae8 19.f3 Qg6 20.Ba1 Na6 21.Nc2 h5 22.Kh1 h4 23.gxh4 Nc5
24.b4 axb4 25.axb4 Ne6 26.f4 e4 27.b5 Ncd8 28.Nxd4 Nxf4 29.Rxf4 Bxf4 30.dxe4 Bxd2
31.Qxd2 fxe4 32.Rg1 e3 33.Qc3 Rf2 34.h5 Qh6 35.Nf3 Nf7 36.Qd4 Bc8 37.Nh4 Qf6
38.Ng6+ Kh7 39.Qc5 Qf5 40.Nf8+ Kh6 41.Bxg7+ Kxh5 42.Qc7 Rxg2  0-1

[Event "Budapest FS10 IM-A"]
[Site "Budapest"]
[Date "1994.??.??"]
[Round "7"]
[White "Schnelzer, Reinhard"]
[Black "Hoang Than Trang"]
[Result "1/2-1/2"]
[WhiteElo "2285"]
[BlackElo "2285"]

1.Nf3 d5 2.c4 dxc4 3.Na3 a6 4.Nxc4 b5 5.Na5 c5 6.Nb3 Nd7 7.g3 Bb7 8.Bg2 c4
9.Nbd4 e5 10.Nc2 Ngf6 11.O-O Bc5 12.b3 cxb3 13.axb3 O-O 14.Bb2 Re8 15.d3 Qb6
16.d4 exd4 17.Ncxd4 Rad8 18.e3 Nf8 19.Qb1 h6 20.Rd1 Ne6 21.Nxe6 Qxe6 22.Rxd8 Rxd8
23.Nd4 Bxd4 24.Bxd4 Bxg2 25.Kxg2 Qc6+ 26.f3 Nh7 27.h4 Nf8 28.Qb2  1/2-1/2

[Event "Budapest FS04 IM-A"]
[Site "Budapest"]
[Date "1994.??.??"]
[Round "7"]
[White "Kabatianski, Alexandr"]
[Black "Szabo, Zsolt"]
[Result "1/2-1/2"]
[WhiteElo "2365"]
[BlackElo "2305"]

1.Nf3 d5 2.c4 d4 3.b4 g6 4.d3 Bg7 5.g3 e5 6.Nbd2 Ne7 7.Bg2 O-O 8.O-O c6 9.a4 Qc7
10.Bb2 Rd8 11.Nb3 Nd7 12.Qc2 Nf5 13.Rfe1 Nf8 14.e3 dxe3 15.fxe3 Ne6 16.Bc3 h5
17.Rad1 e4 18.Nfd4 Nexd4 19.Nxd4 Nxd4 20.exd4 Bxd4+  1/2-1/2

[Event "Budapest FS09 GM"]
[Site "Budapest"]
[Date "1994.??.??"]
[Round "8"]
[White "Vadasz, Laszlo"]
[Black "Loginov, Valery A"]
[Result "0-1"]
[WhiteElo "2365"]
[BlackElo "2610"]

1.Nf3 d5 2.c4 d4 3.g3 c5 4.Bg2 Nc6 5.O-O e5 6.d3 Be7 7.e3 Nf6 8.exd4 exd4
9.Bf4 O-O 10.Ne5 Nxe5 11.Bxe5 Ng4 12.Bf4 Bd6 13.Qd2 Qc7 14.Bxd6 Qxd6 15.Na3 a6
16.Nc2 Rb8 17.b4 b6 18.Rfb1 Bf5 19.Ne1 Ne5 20.bxc5 bxc5 21.Rb3 Rxb3 22.axb3 Rb8
23.Ra3 h6 24.Qf4 Bg6 25.Be4 Re8 26.Bxg6 Qxg6 27.Qd2 Qe6 28.Ra1 Rb8 29.Qa5 Rxb3
30.Qxc5 Nxd3 31.Nxd3 Rxd3 32.Qd5 Rc3 33.Qd8+ Kh7 34.Qxd4 Rxc4 35.Qd3+ g6
36.h4 h5 37.Qf3 Kg7 38.Kg2 Rc5 39.Rb1 Rb5 40.Rc1 Rf5 41.Qb7 Qe2 42.Qa7 Qe4+
43.Kg1 a5 44.Rc8 Rb5  0-1

[Event "Elekes mem"]
[Site "Budapest"]
[Date "1994.??.??"]
[Round "8"]
[White "Horvath, Csaba"]
[Black "Keitlinghaus, Ludger"]
[Result "1/2-1/2"]
[WhiteElo "2535"]
[BlackElo "2510"]

1.Nf3 d5 2.c4 c6 3.d4 Nf6 4.Nc3 a6 5.g3 b5 6.cxd5 cxd5 7.Bg2 e6 8.O-O Be7
9.Ne5 Bb7 10.Nd3 Nc6 11.e3 O-O 12.Bd2 Qb6 13.Rc1 Nd7 14.Nf4 Nf6 15.e4 dxe4
16.Be3 Qd8 17.d5 Na5 18.dxe6 Qxd1 19.Rcxd1 Nc4 20.Bc1 Rfd8 21.Rde1 Nd2 22.Bxd2 Rxd2
23.Nxe4 Nxe4 24.Bxe4 Bxe4 25.Rxe4 fxe6 26.Nxe6 Bf6 27.Rc1 Rxb2 28.Rc7 Re8
29.Ng5 Rd8 30.Ne6 Re8 31.Ng5 Rd8 32.Ne6  1/2-1/2